000 00344nam a22001457a 4500
008 211019b ||||| |||| 00| 0 eng d
020 _a9781584500186
041 _aeng
080 _a004
082 _a004
100 _a28
101 _aSHKI
245 _aComputer Forensics Computer Crime Scene Investigation
_cVacca,J.R
942 _2udc
_cBK
999 _c58290
_d58290